Olympijská výchova : Vedomostná súťaž /

Saved in:
Bibliographic Details
Main Authors: Glesk, Pavol, 1931- (Author), Seman, František (Author)
Format: Book
Language:Slovak
Published: Bratislava : Slovenský olympijský výbor, 1995
Subjects:
Online Access:OBSAH
Tags: Add Tag
No Tags, Be the first to tag this record!

MARC

LEADER 00000nam a22000003a 4500
001 stu45052
005 20240322142133.1
008 951030s1995----cs------------------slo-d
040 |a STU  |b slo 
041 0 |a slo 
044 |a cs 
080 |a 796.032 
100 1 |a Glesk, Pavol,  |d 1931-  |4 aut  |u M340  |U MTF Ústav inžinierskej pedagogiky a humatitných vied  |T MTF Katedra telesnej výchovy a športu  |X 260  |U M340  |Y M340  |7 A000000260 
245 1 |a Olympijská výchova :  |b Vedomostná súťaž /  |c [aut.]Pavol Glesk, František Seman 
260 |a Bratislava :  |b Slovenský olympijský výbor,  |c 1995 
300 |a 155 s 
650 7 |a Hry olympijské  |2 stusub 
650 7 |a súťaže  |2 stusub 
700 1 |a Seman, František  |4 aut 
856 4 |a https://sweb.mtf.stuba.sk/obsahy/olympijska_vychova_95.PDF  |u https://sweb.mtf.stuba.sk/obsahy/olympijska_vychova_95.PDF  |3 OBSAH 
996 |b 284M039947  |c M*B-229  |l MMKN  |s A  |a 24  |w stu45052_0001 
996 |b MB 230  |c M*B-230  |l MMKN  |s A  |a 24  |w stu45052_0002